Reporte de sostenibilidad: gestión 2009 comparativa a 2008
Salvato in:
| Ente Autore: | |
|---|---|
| Natura: | Libro |
| Lingua: | spagnolo |
| Pubblicazione: |
Valparaíso
Pontificia Universidad Católica de Valparaíso
2010
|
| Soggetti: | |
| Tags: |
Aggiungi Tag
Nessun Tag, puoi essere il primo ad aggiungerne!!
|
MARC
| LEADER | 00000nam a2200000 a 4500 | ||
|---|---|---|---|
| 001 | UCG3934 | ||
| 003 | CL-VaPUC | ||
| 008 | 100923e20100000CL |||||||||||||||||spa|d | ||
| 082 | 0 | 4 | |a 378.101 |b PON |2 21 |
| 110 | 2 | |a Pontificia Universidad de Valparaiso |e author |9 553241 | |
| 245 | 1 | 0 | |a Reporte de sostenibilidad: gestión 2009 comparativa a 2008 |
| 300 | |a 111 p | ||
| 942 | |c BK | ||
| 945 | |d 20100923 00:00:00 |a mfarfan | ||
| 260 | |a Valparaíso |b Pontificia Universidad Católica de Valparaíso |c 2010 | ||
| 650 | 0 | |a Administración |9 259325 | |
| 650 | 0 | |a Educación superior |9 223851 | |
| 650 | 0 | |a Gestión |9 260993 | |
| 583 | |a last modification |c 20100923 00:00:00 |k Rodrigo Vera | ||
| 999 | |c 342872 |d 342870 | ||
| 952 | |0 0 |1 0 |4 0 |6 378_101000000000000_PON_2010 |7 0 |8 X |9 439542 |a FDOBUD |b FDOBUD |d 2019-11-22 |i 4718933 |o 378.101 PON 2010 |p 4718933 |r 2019-11-22 |w 2019-11-22 |y BK_X |k FHP | ||
| 952 | |0 0 |1 0 |4 0 |6 378_101000000000000_PON_2010 |7 0 |8 X |9 439543 |a FDOBUD |b FDOBUD |d 2019-11-22 |i 4718895 |o 378.101 PON 2010 |p 4718895 |r 2019-11-22 |w 2019-11-22 |y BK_X |k FHP | ||